| 000 | 00627nam a22001817a 4500 | ||
|---|---|---|---|
| 999 |
_c1085 _d1085 |
||
| 003 | AR-CdUCM | ||
| 008 | 190226b ||||| |||| 00| 0 spa d | ||
| 040 |
_aMUNICIPALIDAD PROVINCIAL DEL CUSCO _cBIBLIOTECA MUNICIPAL DEL CUSCO |
||
| 082 |
_a869.56 / _bB74 |
||
| 100 |
_aBorrero Vargas, Víctor _94229 |
||
| 245 |
_aTangarará : _bdrama histórico en tres actos y quince escenas / |
||
| 260 |
_aSullana : _bSietevientos Editores : Municipalidad Provincial de Sullana, _c1993. |
||
| 300 |
_a58 páginas ; _c21 cm. |
||
| 650 |
_aTeatro peruano _92697 |
||
| 650 |
_aTeatro siglo XX _92960 |
||
| 942 |
_2ddc _cLIBROS |
||
| 945 | _azta | ||